000
00209nam a22001217a 4500
040
_c
HS
082
_a
636
100
_a
NA
245
_a
Splanchnology
260
_a
NA
_b
NA
_c
NA
300
_a
499p;
942
_c
EK
999
_c
9854
_d
9854